[Event "Madrid San Viator op-B 29th"]
[Site "Madrid"]
[Date "2017.11.12"]
[Round "9"]
[White "Comeron Galan, Daniel"]
[Black "Perez Sempere, Alberto"]
[Result "1-0"]
[WhiteElo "1576"]
[BlackElo "1731"]
[PlyCount "87"]
[EventDate "2017.09.17"]
[EventType "swiss"]
[EventRounds "9"]
[EventCountry "ESP"]
[SourceTitle "EXT 2019"]
[Source "ChessBase"]
[SourceDate "2018.10.10"]
[SourceVersion "1"]
[SourceVersionDate "2018.10.10"]
[SourceQuality "1"]

1. d4 d5 2. Bf4 c5 3. e3 Nc6 4. Nf3 Qb6 5. Nc3 Nf6 6. Nb5 Qa5+ 7. c3 Kd7 8. dxc5 e5 9. Nxe5+ Ke6 10. Nxc6 bxc6 11. Nc7+ Kd7 12. Nxa8 Qxc5 13. Qd4 Bb7 14. Qxc5 Bxc5 15. Nc7 Nh5 16. Na6 Bb6 17. 0-0-0 Nxf4 18. exf4 Bxf2 19. Kc2 Re8 20. Bd3 g6 21. Rhf1 Bb6 22. b4 Bc8 23. Rfe1 Be3 24. Nc5+ Kc7 25. h3 Kd8 26. Rf1 a5 27. a3 Re7 28. Rfe1 Bxc5 29. bxc5 Be6 30. g4 Rb7 31. Rb1 Ra7 32. Rb6 Kc7 33. Reb1 Bc8 34. f5 h5 35. fxg6 fxg6 36. Bxg6 hxg4 37. hxg4 Bxg4 38. Rf1 Be6 39. Rh1 Bg8 40. Rh8 Be6 41. Rh7+ Bd7 42. Bf5 Kc8 43. Rh8+ Kc7 44. Bxd7 1-0

[Event "Tres Cantos op 9th"]
[Site "Tres Cantos"]
[Date "2017.06.25"]
[Round "4"]
[White "Romero Fite, Miguel"]
[Black "Comeron Galan, Daniel"]
[Result "1/2-1/2"]
[WhiteElo "1850"]
[BlackElo "1471"]
[PlyCount "81"]
[EventDate "2017.06.22"]
[EventType "swiss"]
[EventRounds "9"]
[EventCountry "ESP"]
[SourceTitle "EXT 2019"]
[Source "ChessBase"]
[SourceDate "2018.10.10"]
[SourceVersion "1"]
[SourceVersionDate "2018.10.10"]
[SourceQuality "1"]

1. d4 d5 2. c4 e6 3. Nc3 Nf6 4. cxd5 exd5 5. Bg5 Be7 6. e3 c6 7. Bd3 Nbd7 8. Qc2 0-0 9. Nf3 Re8 10. 0-0 Nf8 11. h3 Ne4 12. Bf4 Nd6 13. b4 a6 14. a4 g6 15. Bxd6 Bxd6 16. b5 axb5 17. axb5 Bd7 18. Rxa8 Qxa8 19. bxc6 bxc6 20. Na4 Qa5 21. Rb1 Rb8 22. Rxb8 Bxb8 23. Nc5 Qa1+ 24. Qb1 Qxb1+ 25. Bxb1 Be8 26. Ne1 Ne6 27. Nb7 Kf8 28. Nd3 Ke7 29. Ba2 Nd8 30. Nbc5 Ne6 31. Na6 Bd6 32. Kf1 Bd7 33. Ke2 Bc8 34. Nab4 Bb7 35. Kd2 Nc7 36. Bb3 Na6 37. Kc3 Nxb4 38. Nxb4 Bh2 39. g3 Bg1 40. Nd3 Ba6 41. Ba4 1/2-1/2

[Event "Madrid San Viator op-B 28th"]
[Site "Madrid"]
[Date "2017.04.02"]
[Round "2"]
[White "Martinez Martinez, Javier II"]
[Black "Comeron Galan, Daniel"]
[Result "0-1"]
[WhiteElo "1635"]
[BlackElo "1494"]
[PlyCount "68"]
[EventDate "2017.03.26"]
[EventType "swiss"]
[EventRounds "9"]
[EventCountry "ESP"]
[SourceTitle "EXT 2019"]
[Source "ChessBase"]
[SourceDate "2018.10.10"]
[SourceVersion "1"]
[SourceVersionDate "2018.10.10"]
[SourceQuality "1"]

1. d4 d5 2. Nf3 Nf6 3. Bg5 e6 4. e3 Be7 5. Bd3 c5 6. c3 Nc6 7. Nbd2 Bd7 8. dxc5 Bxc5 9. b4 Be7 10. b5 Na5 11. Ne5 Rc8 12. Rc1 h6 13. Bxf6 Bxf6 14. Ndf3 Nc4 15. Bxc4 dxc4 16. Qxd7+ Qxd7 17. Nxd7 Kxd7 18. Ke2 Kc7 19. Nd2 Kb6 20. Ne4 Be7 21. Rhd1 Rhd8 22. Rd4 Rxd4 23. exd4 f5 24. Nd2 Kxb5 25. Rb1+ Ka6 26. f4 g5 27. fxg5 hxg5 28. h3 b5 29. Re1 Rc6 30. Kf3 Bf6 31. g4 Kb7 32. gxf5 exf5 33. d5 Rd6 34. Re6 Kc7 0-1

[Event "Madrid San Viator op-A 27th"]
[Site "Madrid"]
[Date "2016.10.16"]
[Round "5"]
[White "Barahona Torrijos, Angel"]
[Black "Comeron Galan, Daniel"]
[Result "1-0"]
[WhiteElo "1848"]
[BlackElo "1493"]
[PlyCount "79"]
[EventDate "2016.09.25"]
[EventType "swiss"]
[EventRounds "9"]
[EventCountry "ESP"]
[SourceTitle "EXT 2017"]
[Source "ChessBase"]
[SourceDate "2016.10.25"]
[SourceVersion "1"]
[SourceVersionDate "2016.10.25"]
[SourceQuality "1"]

1. e4 d6 2. d4 Nf6 3. f3 e5 4. Be3 Nbd7 5. d5 c6 6. Nc3 Be7 7. Bc4 Qc7 8. dxc6 bxc6 9. Nge2 0-0 10. Ng3 Nb6 11. Bb3 Re8 12. Qd2 Be6 13. Bxe6 fxe6 14. b3 d5 15. Bg5 Rad8 16. Qe2 d4 17. Nd1 c5 18. Nb2 c4 19. bxc4 Rc8 20. 0-0 Nxc4 21. Nd3 h6 22. Bxf6 Bxf6 23. Rfb1 Bg5 24. Rb3 Nd2 25. Rb5 Qxc2 26. Rd1 Rc3 27. Ne1 Qxa2 28. Rdb1 Qc4 29. Qxc4 Rxc4 30. Ra1 Be3+ 31. Kh1 Rec8 32. Ne2 Rd8 33. Nd3 Rc2 34. Rxa7 Nxe4 35. fxe4 Rxe2 36. Rbb7 Bg5 37. Rxg7+ Kf8 38. h4 Bxh4 39. Raf7+ Ke8 40. Nxe5 1-0

[Event "Madrid San Viator op-A 27th"]
[Site "Madrid"]
[Date "2016.10.02"]
[Round "2"]
[White "Comeron Galan, Daniel"]
[Black "Magan Gonzalez, Alberto"]
[Result "1/2-1/2"]
[WhiteElo "1493"]
[BlackElo "1829"]
[PlyCount "94"]
[EventDate "2016.09.25"]
[EventType "swiss"]
[EventRounds "9"]
[EventCountry "ESP"]
[SourceTitle "EXT 2017"]
[Source "ChessBase"]
[SourceDate "2016.10.25"]
[SourceVersion "1"]
[SourceVersionDate "2016.10.25"]
[SourceQuality "1"]

1. d4 c5 2. c3 e6 3. Bf4 cxd4 4. cxd4 Nc6 5. e3 Nf6 6. h3 Bb4+ 7. Nc3 Qa5 8. Qc2 Nd5 9. Nge2 Nxf4 10. Nxf4 d5 11. a3 Bxc3+ 12. Qxc3 Bd7 13. Rc1 Qd8 14. Be2 0-0 15. 0-0 Ne7 16. Qc7 Bc6 17. Qxd8 Rfxd8 18. Rc3 Rac8 19. Rfc1 Nf5 20. Nd3 Kf8 21. Kf1 Ke8 22. Ke1 Bd7 23. Ne5 Rxc3 24. Rxc3 f6 25. Nxd7 Kxd7 26. Bb5+ Kd6 27. Bd3 g6 28. Ke2 Ne7 29. f4 Rc8 30. Rxc8 Nxc8 31. b4 a6 32. a4 Nb6 33. a5 Nd7 34. Kf3 Nb8 35. b5 axb5 36. Bxb5 e5 37. fxe5+ fxe5 38. dxe5+ Kxe5 39. g4 h6 40. h4 g5 41. hxg5 hxg5 42. Ba4 d4 43. exd4+ Kxd4 44. Bb5 Kc5 45. Be8 Nc6 46. Ke4 Nxa5 47. Kf5 Nc6 1/2-1/2

[Event "Madrid San Viator op-B 25th"]
[Site "Madrid"]
[Date "2015.11.08"]
[Round "7"]
[White "Comeron Galan, Daniel"]
[Black "Alameda Arellano, Cristeto"]
[Result "1/2-1/2"]
[WhiteElo "1356"]
[BlackElo "1545"]
[PlyCount "121"]
[EventDate "2015.10.04"]
[EventType "swiss"]
[EventRounds "9"]
[EventCountry "ESP"]
[SourceTitle "EXT 2019"]
[Source "ChessBase"]
[SourceDate "2018.10.10"]
[SourceVersion "1"]
[SourceVersionDate "2018.10.10"]
[SourceQuality "1"]

1. d4 d5 2. Bf4 Nf6 3. Nf3 Bf5 4. e3 e6 5. Nbd2 Be7 6. Be2 Nbd7 7. h3 h6 8. c3 c5 9. 0-0 0-0 10. Ne5 Nxe5 11. Bxe5 Nd7 12. Bh2 Bf6 13. Nf3 Re8 14. Bd3 Bxd3 15. Qxd3 e5 16. dxe5 Nxe5 17. Nxe5 Bxe5 18. Bxe5 Rxe5 19. Rfd1 Qb6 20. Qc2 Rd8 21. Qb3 Qxb3 22. axb3 a6 23. Rd2 Re6 24. Rad1 Red6 25. Kf1 Kf8 26. Ke2 Ke7 27. Kf3 f5 28. Kf4 Ke6 29. g4 g5+ 30. Kf3 Ke5 31. Kg3 fxg4 32. hxg4 Ke4 33. f3+ Ke5 34. f4+ Ke4 35. Rd3 Rb6 36. b4 gxf4+ 37. exf4 d4 38. bxc5 Rxb2 39. cxd4 Rd5 40. f5 h5 41. gxh5 Rxf5 42. d5 Rxh5 43. d6 Rg5+ 44. Kh4 Rg7 45. R3d2 Rxd2 46. Rxd2 Rd7 47. Kg5 Ke5 48. Re2+ Kd5 49. Re7 Rd8 50. Rxb7 Kxc5 51. Rb1 Rxd6 52. Kf4 Rd4+ 53. Ke3 Rd8 54. Ra1 Kb6 55. Rb1+ Ka7 56. Ra1 Rd5 57. Ke4 Rb5 58. Kd4 Kb6 59. Kc4 a5 60. Ra4 Kc6 61. Kc3 1/2-1/2

[Event "Madrid San Viator op-B 25th"]
[Site "Madrid"]
[Date "2015.11.01"]
[Round "6"]
[White "Mora Gonzalez Rojas, Francisco"]
[Black "Comeron Galan, Daniel"]
[Result "0-1"]
[WhiteElo "1557"]
[BlackElo "1356"]
[PlyCount "142"]
[EventDate "2015.10.04"]
[EventType "swiss"]
[EventRounds "9"]
[EventCountry "ESP"]
[SourceTitle "EXT 2019"]
[Source "ChessBase"]
[SourceDate "2018.10.10"]
[SourceVersion "1"]
[SourceVersionDate "2018.10.10"]
[SourceQuality "1"]

1. e4 d6 2. Bb5+ c6 3. Ba4 Nf6 4. d3 e5 5. Bb3 Be7 6. h3 0-0 7. Nf3 Nbd7 8. 0-0 Qc7 9. a3 b6 10. Nc3 Bb7 11. Bg5 Rad8 12. Qd2 Rfe8 13. Rfe1 Nf8 14. Nh4 Ng6 15. Nxg6 hxg6 16. Re2 d5 17. exd5 cxd5 18. Rae1 Bc5 19. Nb5 Qb8 20. d4 Ne4 21. Qe3 Nxg5 22. Qxg5 Bxd4 23. Nxd4 exd4 24. Rxe8+ Rxe8 25. Rxe8+ Qxe8 26. Bxd5 Qe1+ 27. Kh2 Bxd5 28. Qxd5 Qxf2 29. Qd8+ Kh7 30. Qc7 Qd2 31. Qc4 Qf4+ 32. Kg1 Qc1+ 33. Kh2 Qxb2 34. a4 Qa1 35. Qb3 Qd1 36. Qc4 Qd2 37. Qb3 Kg8 38. Qc4 Kf8 39. Kg1 Ke7 40. Kf1 Kd6 41. Qb3 Qc3 42. Qxc3 dxc3 43. Ke2 Kc5 44. Kd3 Kb4 45. g3 a6 46. g4 g5 47. Kd4 f6 48. Kd3 Kxa4 49. Kxc3 b5 50. Kb2 Kb4 51. c3+ Kc4 52. Kc2 a5 53. Kb2 b4 54. cxb4 axb4 55. Kc2 b3+ 56. Kb2 Kd3 57. Kxb3 Ke3 58. Kc4 Kf3 59. Kd4 Kg3 60. Ke4 Kxh3 61. Kf3 g6 62. Kf2 Kxg4 63. Kg2 f5 64. Kf2 f4 65. Kg2 f3+ 66. Kf2 Kf4 67. Kg1 Ke3 68. Kf1 f2 69. Kg2 Ke2 70. Kg3 f1Q 71. Kg4 Qg2# 0-1

[Event "Madrid San Viator op-B 25th"]
[Site "Madrid"]
[Date "2015.10.25"]
[Round "5"]
[White "Comeron Galan, Daniel"]
[Black "Cabello Rodriguez, Raul"]
[Result "0-1"]
[WhiteElo "1356"]
[BlackElo "1615"]
[PlyCount "42"]
[EventDate "2015.10.04"]
[EventType "swiss"]
[EventRounds "9"]
[EventCountry "ESP"]
[SourceTitle "EXT 2019"]
[Source "ChessBase"]
[SourceDate "2018.10.10"]
[SourceVersion "1"]
[SourceVersionDate "2018.10.10"]
[SourceQuality "1"]

1. d4 Nf6 2. Bf4 e6 3. Nf3 b6 4. e3 Bb7 5. c3 c5 6. h3 Nc6 7. Bd3 d5 8. Ne5 c4 9. Be2 Be7 10. Nd2 Nxe5 11. Bxe5 Bd6 12. Nf3 Bxe5 13. Nxe5 b5 14. 0-0 Nd7 15. Nxd7 Qxd7 16. a4 a6 17. Qc2 0-0 18. Rfc1 Qc6 19. b3 f6 20. bxc4 dxc4 21. Rab1 Qxg2# 0-1